| 000 | 00708nam a2200229 a 4500 | ||
|---|---|---|---|
| 005 | 20210223130041.0 | ||
| 008 | 060512s2001 000 eng d | ||
| 020 | _a8474328705 | ||
| 035 | _aUPN01000147359 | ||
| 049 | _aCG | ||
| 050 | 4 |
_aHD50 _bS6.3 |
|
| 100 | 1 | _aSmith, Jane | |
| 245 | 1 | 0 |
_aCómo delegar responsabilidades / _cJane Smith. |
| 260 |
_aBarcelona, Esp. : _bGedisa, _c2001. |
||
| 300 | _a137 p. | ||
| 440 | 0 | _aNuevos emprendedores | |
| 500 | _aA la cabeza de la portada: The sunday times | ||
| 534 |
_pTitulo original : _tEmpowering people |
||
| 650 | 4 |
_aDELEGACION DE AUTORIDAD _95371 |
|
| 650 | 4 |
_aEMPLEADOS - _xPARTICIPACION EN LA ADMINISTRACION DE EMPRESAS _920955 |
|
| 905 | _aLibro | ||
| 999 |
_c119504 _d119504 |
||